| 000 | 01389nam a2200337 a 4500 | ||
|---|---|---|---|
| 001 | |||
| 003 | DO-SdBNP | ||
| 005 | 20220117134104.0 | ||
| 008 | 110202s2010 dr ac 001 0cspa d | ||
| 020 | _z9789945074123 | ||
| 040 |
_aDO-SdBNP _bspa _cBPMSU |
||
| 082 |
_a923.27293 _bC343d 2010 _222 |
||
| 100 | 1 |
_aCassá, Roberto, _d1948- |
|
| 245 | 1 | 0 |
_aDominicanos de pensamiento liberal : _bEspaillat, Bonó, Deschamps (siglo XIX) / _cRoberto Cassá. |
| 260 |
_aSanto Domingo : _bArchivo General de la Nación, _c2010. |
||
| 300 |
_a135 p. : _bil., retrs. ; _c23 cm. |
||
| 490 | 0 |
_aJuvenil, _v8 |
|
| 500 | _aIncluye datos biográficos del autor en la solapa de la cubierta. | ||
| 504 | _aIncluye referencias bibliográficas y notas al final del las páginas | ||
| 590 | _6Inventariado, 2022/VM | ||
| 600 | 1 | 4 |
_aBonó, Pedro Francisco, _d1828-1906 |
| 600 | 1 | 4 |
_aEspaillat Quiñones, Ulises Francisco , _d1823-1878 |
| 600 | 1 | 4 |
_aDeschamps, Eugenio _y1861-1919 |
| 650 | 4 |
_aPolíticos _zRepública Dominicana _xEnsayos, conferencias, etc. |
|
| 650 | 4 |
_aLiberalismo _zRepública Dominicana _ySiglo XIX _xEnsayos, conferencias, etc. |
|
| 651 | 4 |
_aRepública Dominicana _xHistoria _y1844-1930 |
|
| 710 | 2 | _aArchivo General de la Nación (República Dominicana) | |
| 710 | 2 | _aComisión Permanente de Efemérides Patrias (República Dominicana) | |
| 910 | _a VMateo V. | ||
| 942 |
_2ddc _cBK |
||
| 999 |
_c13953 _d13953 |
||